000 00369nam a22001577a 4500
003 OSt
008 210217b ||||| |||| 00| 0 eng d
020 _a9789383290239
082 _a615.4 SET
100 _aSETH, A.K
245 _aTextbook of Pharmaceutics
260 _aJalandhar City
_bS.Vikas
_c2019
300 _a530
650 _aPharmaceutics
942 _2ddc
_cBK
999 _c10469
_d10469